engineering properties of soils and their measurements (Record no. 8736)

000 -LEADER
fixed length control field 00265nam a22001217a 4500
040 ## - CATALOGING SOURCE
Transcribing agency SK
082 ## - DEWEY DECIMAL CLASSIFICATION NUMBER
Classification number 620
100 ## - MAIN ENTRY--AUTHOR NAME
Personal name JOSEPH E.
245 ## - TITLE STATEMENT
Title engineering properties of soils and their measurements
260 ## - PUBLICATION, DISTRIBUTION, ETC. (IMPRINT)
Place of publication NEW YORK
Name of publisher LOU
Year of publication 1970
300 ## - PHYSICAL DESCRIPTION
Number of Pages 22p.
942 ## - ADDED ENTRY ELEMENTS (KOHA)
Koha item type សៀវភៅភាសាអង់គ្លេស
952 ## - LOCATION AND ITEM INFORMATION (KOHA)
Withdrawn status [LOCAL, KOHA] 0
952 ## - LOCATION AND ITEM INFORMATION (KOHA)
Withdrawn status [LOCAL, KOHA] 0
Holdings
Permanent Location Date acquired Koha item type Lost status Barcode Shelving location Current Location Full call number
Library Block C2016-08-11សៀវភៅភាសាអង់គ្លេស RUA045601 Library Block C620 LOU 1970 C233
Library Block C2016-09-22សៀវភៅភាសាអង់គ្លេស RUA046024C245Library Block C620 JOS 1970 C245
មជ្ឈមណ្ឌលឯការនៃសាកលវិទ្យាល័យភូមិន្ទកសិកម្មចំការដូង

Powered by Koha